Normal view
MARC view
Entry Personal Name
001 - CONTROL NUMBER
- control field: 1237363
003 - CONTROL NUMBER IDENTIFIER
- control field: OSt
005 - DATE AND TIME OF LATEST TRANSACTION
- control field: 20260430150406.0
008 - FIXED-LENGTH DATA ELEMENTS
- fixed length control field: 260430|| aca||aabn | a|a d
040 ## - CATALOGING SOURCE
- Original cataloging agency: OSt
- Transcribing agency: OSt
100 ## - HEADING--PERSONAL NAME
- Personal name: Garg Shafali Au.; Sharma Radhey Shyam Gu.; Dumee Ludovic Gu
670 ## - SOURCE DATA FOUND
- Source citation: Work cat.: (OSt)1849672: Garg Shafali Au.; Sharma Radhey Shyam Gu.; Dumee Ludovic Gu., Occurrence, Treatment and Ecological Health Implications of Per-/Poly-Fluoroalkyl Substances (PFAS) and Phenols in Textile Effluent, 2023
